| 000 | 00487 a2200169 4500 | ||
|---|---|---|---|
| 020 | _a0-333-92224-7 | ||
| 040 |
_aDLC _bDLC |
||
| 082 | 0 | 4 | _a510.2462 |
| 100 | 1 | _aSingh, Kuldeep. | |
| 245 | 1 | 0 |
_aEngineering mathematics through applications _cKuldeep Singh |
| 260 |
_aBasingstoke _bPalgrave Macmillan, _c2003 |
||
| 300 |
_a830 p. : _bill. ; _c25cm. |
||
| 650 | 0 | _aEngineering mathematics | |
| 650 | 0 | _aTillä°ad matematik | |
| 650 | 0 | _aTeknisk rä«®ing | |
| 942 |
_cBK _k510.2462 SIN _2ddc |
||
| 999 |
_c4427 _d4427 |
||